000 00278nam a2200097Ia 4500
008 240331s9999 xx 000 0 und d
082 _bPEN
100 _aCenwor. ed
245 0 _aPenkalukana aikiya naadukal thasaptam :
_billankayilulla penkalin munettramum sathanaikalum
942 _cL
999 _c1843
_d1843